Fr. Conceicao Rodrigues College of Engineering

Atomic and nuclear physics (Record no. 20835)

MARC details
000 -LEADER
fixed length control field 00293nam a2200133Ia 4500
082 ## - DEWEY DECIMAL CLASSIFICATION NUMBER
Classification number 539.7
Item number SUB
100 ## - MAIN ENTRY--PERSONAL NAME
Personal name Subramaniyam/N
245 ## - TITLE STATEMENT
Title Atomic and nuclear physics
260 ## - PUBLICATION, DISTRIBUTION, ETC.
Name of publisher, distributor, etc. S.Chand and Co.
Place of publication, distribution, etc. New Dellhi
Date of publication, distribution, etc. 1984
300 ## - PHYSICAL DESCRIPTION
Extent 384
546 ## - LANGUAGE NOTE
Language note ENGLISH
654 ## - SUBJECT ADDED ENTRY--FACETED TOPICAL TERMS
Focus term atomic
942 ## - ADDED ENTRY ELEMENTS (KOHA)
Koha item type BOOK
Holdings
Withdrawn status Lost status Damaged status Not for loan Collection Home library Current library Date acquired Cost, normal purchase price Total Checkouts Full call number Barcode Date last seen Cost, replacement price Price effective from Koha item type
        CRC Fr. Agnel's C.Rodrigues College of Engineering Fr. Agnel's C.Rodrigues College of Engineering 17/03/2023 25.00   539.7 SUB 186 17/03/2023 25.00 17/03/2023 BOOK
        CRC Fr. Agnel's C.Rodrigues College of Engineering Fr. Agnel's C.Rodrigues College of Engineering 17/03/2023 25.00   539.7 SUB 187 17/03/2023 25.00 17/03/2023 BOOK